000 00975cab a2200253 4500
001 ABS59826
008 090401t1998 xxu||||| |||| 00| 0 eng d
035 _a(Sirsi) u90322
041 _aeng
100 _aDriscoll, J.
245 2 _aA fairer deal for residential long leaseholders?
260 _c1998
350 _a0
490 _aNew Law Journal
_v148(6868) 11 December 1998, 1855-1856(2)
520 _aDiscussion following publication of the consultation paper on leasehold reform. The paper makes recommendations for changes to current legislation and contains proposals to extend the management rights of leaseholders. Comments invited by 12 March 1999.
650 _aCODES OF PRACTICE
650 _aHOUSING ACT 1996
650 _aLEASEHOLD ENFRANCHISEMENT
650 _aLEASEHOLD MANAGEMENT
650 _aLEASEHOLD REFORM, HOUSING AND URBAN DEVELOPMENT ACT 1993
690 _aLANDLORD AND TENANT-LEASEHOLD REFORM
942 _n0
948 _c16/12/1998
999 _c57254
_d57254